000 00877nam a2200277Ia 4500
003 OSt
005 20221007121659.0
006 a|||||r|||| 00| 0
007 ta
008 221006b |||||||| |||| 00| 0 eng d
020 _a0521498457 (pbk)
_cRs.100.00
024 _a4632
037 _bResearchco,
_cTextual
040 _aBDL
_cBDL
_beng
041 _2eng
_aeng
082 _aG:(B28), N4
100 _aBailey Norman T J
_9453242
245 0 _aStatistical methods in biology by Norman T J Bailey
250 _aEd 3
260 _aCambridge
_bCambridge University Press
_c1994
300 _axiii,255p
_ccm.
500 _aAppendix 242-251p; Index 252-255p; ^n23/CSL/Carb/97-98/4829^d1997-11-21^mPurchase
650 _aStatistics irt Biology
_9712722
942 _hG:(B28), N4
_cTEXL
_2CC
999 _c1209173
_d1209173